Aspectos parciales de la obra de Octavio Paz y comentarios sobre el poema Piedra de Sol / (Record no. 49953)

MARC details
000 -LEADER
campo de control de longitud fija 00678nam a2200193 i 4500
001 - NÚMERO DE CONTROL
campo de control 49953
003 - IDENTIFICADOR DE NÚMERO DE CONTROL
campo de control ES-MaACL
005 - FECHA Y HORA DE LA ÚLTIMA TRANSACCIÓN
campo de control 20250807102714.0
007 - CAMPO FIJO DE DESCRIPCIÓN FÍSICA--INFORMACIÓN GENERAL
campo de control de longitud fija t|
008 - DATOS DE LONGITUD FIJA--INFORMACIÓN GENERAL
campo de control de longitud fija 030728s1983 sp ||||1| spa d
100 1# - ENTRADA PRINCIPAL--NOMBRE DE PERSONA
Nombre de persona Crespo, José Luis.
9 (RLIN) 41524
245 10 - MENCIÓN DEL TÍTULO
Título Aspectos parciales de la obra de Octavio Paz y comentarios sobre el poema Piedra de Sol /
Mención de responsabilidad, etc. José Luis Crespo ; con la colaboración de Elvira Levy.
260 ## - PUBLICACIÓN, DISTRIBUCIÓN, ETC.
Lugar de publicación, distribución, etc. [Madrid] :
Nombre del editor, distribuidor, etc. Ayuso,
Fecha de publicación, distribución, etc. [1983]
300 ## - DESCRIPCIÓN FÍSICA
Extensión 28 p. :
Otras características físicas il. ;
Dimensiones 20 cm.
600 14 - PUNTO DE ACCESO ADICIONAL DE MATERIA--NOMBRE DE PERSONA
Nombre de persona Paz, Octavio,
Fechas asociadas al nombre 1914-1998-
Subdivisión general Crítica e interpretación
9 (RLIN) 89756
700 1# - ENTRADA AGREGADA--NOMBRE PERSONAL
Nombre de persona Levy, Elvira.
9 (RLIN) 71998
852 ## - LOCALIZACIÓN
Ubicación ES-MaACL
Número de control de estantería 2127-F-7
Sublocalización o colección R.105527
Holdings
Estatus retirado Estado de pérdida Estado de daño No para préstamo Colección Biblioteca de origen Biblioteca actual Ubicación en estantería Fecha de adquisición Fuente de adquisición Total de préstamos Signatura topográfica completa Código de barras Visto por última vez Precio de reemplazo Tipo de ítem Koha
        Colección de folletos Biblioteca del Ateneo de Madrid Biblioteca del Ateneo de Madrid Depósito folletos 17/01/2008     2127-F-7 1052553 23/02/2023 23/02/2023 Folleto